Science Quiz

Random Science Quiz

Naming Binary Ionic Compounds 2 Quiz Stats

 Plays Quiz not verified by Sporcle

Score 0/10 Timer 10:00
0 Plays Today
Hint Answer % Correct
ZnCl2Zinc Chloride
98.9%
AlF3Aluminum Fluoride
94.3%
MnCl2Manganese (II) Chloride
87.4%
Na2SSodium Sulfide
87.4%
CuICopper (I) Iodide
86.2%
K3NPotassium Nitride
86.2%
CaOCalcium Oxide
83.9%
Cu3N2Copper (II) Nitride
82.8%
AgClSilver Chloride
79.3%
Fe2O3Iron (III) Oxide
72.4%

You're not logged in!

Compare scores with friends on all Sporcle quizzes.
OR
Log In

Show Comments

Extras

Created Jan 30, 2014ReportNominate
Tags:binary, compound, ionic

Top Quizzes Today


Score Distribution

Your Account Isn't Verified!

In order to create a playlist on Sporcle, you need to verify the email address you used during registration. Go to your Sporcle Settings to finish the process.

Report this User

Report this user for behavior that violates our Community Guidelines.

Details: